Ekonomická demokracia ako alternatíva k súčasnej globálnej ekonomike
Ekonomická demokracia. História družstevníctva. Globálne družstevnícke hnutie. Družstevníctvo v agende európskeho parlamentu. Globálna kapitalistická ekonomika čelí mnohým závažným problémom a preto je adekvátny proces riešenia problémov nevyhnutný. Mainstreamový prístup reprezentovaný medzinárodným...
Gespeichert in:
| 1. Verfasser: | |
|---|---|
| Format: | Buchkapitel |
| Sprache: | Slowakisch |
| Schlagworte: | |
| Tags: |
Keine Tags, Fügen Sie das erste Tag hinzu!
|
MARC
| LEADER | 00000naa$a2200000$$$4500 | ||
|---|---|---|---|
| 001 | 0261456 | ||
| 005 | 20240502074146.2 | ||
| 041 | 0 | |a slo | |
| 044 | |a SK | ||
| 245 | 1 | 0 | |a Ekonomická demokracia ako alternatíva k súčasnej globálnej ekonomike |c Ingrid Potisková |
| 520 | |a Ekonomická demokracia. História družstevníctva. Globálne družstevnícke hnutie. Družstevníctvo v agende európskeho parlamentu. Globálna kapitalistická ekonomika čelí mnohým závažným problémom a preto je adekvátny proces riešenia problémov nevyhnutný. Mainstreamový prístup reprezentovaný medzinárodnými inštitúciami má sklon poskytovať radikálne riešenia ako sú rozsiahle škrty vo verejných financiách, programy úspor v sociálnych službách a extenzívna privatizácia. Na druhej strane, čoraz viac hlasov odborníkov zaznieva v prospech hľadania akceptovateľných alternatív a inovatívnych prístupov nielen na mikro a makroekonomickej úrovni, ale aj v oblasti vládnutia. | ||
| 610 | 2 | 0 | |a demokracia |
| 610 | 2 | 0 | |a družstevníctvo |
| 610 | 2 | 0 | |a výroba družstevná |
| 610 | 2 | 0 | |a Európsky parlament |
| 610 | 2 | 0 | |a decentralizácia |
| 610 | 2 | 0 | |a globalizácia hospodárstva |
| 100 | 1 | |a Potisková, Ingrid | |